| Tag |
First Indicator |
Second Indicator |
Subfields |
| LEADER |
00000cam a22000004a 4500 |
| 001 |
in00005701413 |
| 005 |
20260318172023.6 |
| 006 |
m o d |
| 007 |
cr cnu---unuuu |
| 008 |
060324s2003 nyua ob 001 0 eng d |
| 010 |
|
|
|z 2002003641
|
| 040 |
|
|
|a N$T
|b eng
|e pn
|c N$T
|d OCLCQ
|d OCLCG
|d OCLCQ
|d TUU
|d OCLCQ
|d QCL
|d OCLCQ
|d OCLCF
|d OCLCO
|d NLGGC
|d OCLCO
|d OCLCQ
|d YDXCP
|d YNG
|d AUD
|d EBLCP
|d HS0
|d ZCU
|d COO
|d OCLCQ
|d STBDS
|d TOA
|d AGLDB
|d CNNOR
|d PIFBR
|d OCLCO
|d OCLCQ
|d OCLCO
|d WY@
|d OCLCO
|d LUE
|d CEF
|d REC
|d U3W
|d OCLCO
|d AU@
|d OCLCQ
|d OCLCO
|d OCLCA
|d YOU
|d TKN
|d SOI
|d OCLCO
|d FIE
|d OCLCO
|d OCLCQ
|d UX1
|d OL$
|d OCLCQ
|d OCLCO
|d NJT
|d OCLCQ
|d OCLCA
|d OCLCQ
|d OCLCA
|d OCLCO
|d OCLCQ
|d SFB
|d OCL
|d OCLCQ
|d BRX
|d OCLCQ
|d OCLCO
|d OCLCL
|d BCC
|d OCLCQ
|d OCLCO
|d OCLCQ
|d OCLCO
|d OCLCA
|d OCLCQ
|d SMC
|d MERUC
|d CCO
|d E7B
|d OUN
|d TXI
|d CLU
|d UBY
|d PUL
|d UV0
|d QE2
|d IDEBK
|d FVL
|d BAKER
|d BDX
|d AZK
|d MOR
|d ESU
|d STF
|d BRL
|d WRM
|d CUY
|d NRAMU
|d ICG
|d VT2
|d WYU
|d A6Q
|d DKC
|d BOL
|d UCW
|d INARC
|d UAB
|d CLOUD
|
| 016 |
7 |
|
|a 000023410276
|2 AU
|
| 019 |
|
|
|a 77268459
|a 123129731
|a 150348916
|a 191036851
|a 191826021
|a 223245806
|a 228143474
|a 228143475
|a 506837880
|a 560172223
|a 647578601
|a 666963566
|a 722509853
|a 728045785
|a 812609808
|a 888532888
|a 961574557
|a 962614089
|a 988492281
|a 992070872
|a 992097333
|a 1035697151
|a 1037512960
|a 1037931271
|a 1038621322
|a 1045516873
|a 1055354759
|a 1057988688
|a 1065013934
|a 1066647541
|a 1077807780
|a 1081273805
|a 1083553970
|a 1111126664
|a 1114441936
|a 1148113904
|a 1196351301
|a 1228532531
|a 1255754227
|a 1256351008
|a 1280774827
|a 1371768961
|a 1380485019
|a 1398007759
|
| 020 |
|
|
|a 1423763025
|q (electronic bk.)
|
| 020 |
|
|
|a 9781423763024
|q (electronic bk.)
|
| 020 |
|
|
|a 019515309X
|
| 020 |
|
|
|a 9780195153095
|
| 020 |
|
|
|a 1433700387
|
| 020 |
|
|
|a 9781433700385
|
| 020 |
|
|
|a 9780195153088
|
| 020 |
|
|
|a 0195153081
|q (Trade Cloth)
|
| 020 |
|
|
|a 9780199870615
|
| 020 |
|
|
|a 0199870616
|
| 020 |
|
|
|a 9780198034940
|
| 020 |
|
|
|a 0198034946
|
| 035 |
|
|
|a (OCoLC)65198162
|z (OCoLC)77268459
|z (OCoLC)123129731
|z (OCoLC)150348916
|z (OCoLC)191036851
|z (OCoLC)191826021
|z (OCoLC)223245806
|z (OCoLC)228143474
|z (OCoLC)228143475
|z (OCoLC)506837880
|z (OCoLC)560172223
|z (OCoLC)647578601
|z (OCoLC)666963566
|z (OCoLC)722509853
|z (OCoLC)728045785
|z (OCoLC)812609808
|z (OCoLC)888532888
|z (OCoLC)961574557
|z (OCoLC)962614089
|z (OCoLC)988492281
|z (OCoLC)992070872
|z (OCoLC)992097333
|z (OCoLC)1035697151
|z (OCoLC)1037512960
|z (OCoLC)1037931271
|z (OCoLC)1038621322
|z (OCoLC)1045516873
|z (OCoLC)1055354759
|z (OCoLC)1057988688
|z (OCoLC)1065013934
|z (OCoLC)1066647541
|z (OCoLC)1077807780
|z (OCoLC)1081273805
|z (OCoLC)1083553970
|z (OCoLC)1111126664
|z (OCoLC)1114441936
|z (OCoLC)1148113904
|z (OCoLC)1196351301
|z (OCoLC)1228532531
|z (OCoLC)1255754227
|z (OCoLC)1256351008
|z (OCoLC)1280774827
|z (OCoLC)1371768961
|z (OCoLC)1380485019
|z (OCoLC)1398007759
|
| 037 |
|
|
|b 00020142
|
| 043 |
|
|
|a n-us---
|
| 050 |
|
4 |
|a HQ767.15
|b .S52 2003eb
|
| 060 |
|
4 |
|a 2003 E-047
|
| 060 |
|
4 |
|a HQ 767.15
|b S561a 2003
|
| 072 |
|
7 |
|a PHI
|x 005000
|2 bisacsh
|
| 082 |
0 |
4 |
|a 179.7/6/0973
|2 22
|
| 049 |
|
|
|a TXAM
|
| 100 |
1 |
|
|a Shrage, Laurie,
|d 1953-
|1 https://id.oclc.org/worldcat/entity/E39PBJyh8XB4RGtrMty8d6Dcyd
|
| 245 |
1 |
0 |
|a Abortion and social responsibility :
|b depolarizing the debate /
|c Laurie Shrage.
|
| 260 |
|
|
|a New York :
|b Oxford University Press,
|c 2003.
|
| 300 |
|
|
|a 1 online resource (xi, 173 pages) :
|b illustrations
|
| 336 |
|
|
|a text
|b txt
|2 rdacontent
|
| 337 |
|
|
|a computer
|b c
|2 rdamedia
|
| 338 |
|
|
|a online resource
|b cr
|2 rdacarrier
|
| 347 |
|
|
|a data file
|
| 490 |
1 |
|
|a Studies in feminist philosophy
|
| 504 |
|
|
|a Includes bibliographical references (pages 163-169) and index.
|
| 505 |
0 |
|
|a Is Roe viable? -- Liberty, equality, and abortion -- From reproductive choice to reproductive Barbie : the politics of visibility -- Conclusion: Abortion and democracy.
|
| 588 |
0 |
|
|a Print version record.
|
| 520 |
8 |
|
|a Shrage argues that Roe v Wade's regulatory scheme of a six-month time span for abortion on demand polarized the public and obscured alternatives with potentially broader support. She explores the origins of that scheme, then defends an alternate one--with a time span shorter than 6 months fornon-therapeutic abortions--that could win broad support needed to make legal abortion services available to all women.
|
| 630 |
0 |
2 |
|a Roe v. Wade
|
| 650 |
|
0 |
|a Abortion
|x Moral and ethical aspects
|z United States.
|
| 650 |
|
0 |
|a Abortion
|x Law and legislation
|z United States.
|
| 650 |
|
0 |
|a Abortion.
|
| 650 |
|
0 |
|a Women's rights.
|
| 650 |
|
0 |
|a Politics, Practical.
|
| 650 |
|
0 |
|a Feminism.
|
| 650 |
1 |
2 |
|a Abortion, Legal
|
| 650 |
2 |
2 |
|a Women's Rights
|
| 650 |
2 |
2 |
|a Fetal Viability
|
| 650 |
2 |
2 |
|a Government Regulation
|
| 650 |
2 |
2 |
|a Politics
|
| 650 |
2 |
2 |
|a Socioeconomic Factors
|
| 650 |
2 |
2 |
|a Supreme Court Decisions
|
| 650 |
2 |
2 |
|a Feminism
|
| 651 |
|
2 |
|a United States
|
| 650 |
|
6 |
|a Avortement
|x Aspect moral
|z États-Unis.
|
| 650 |
|
6 |
|a Avortement
|x Droit
|z États-Unis.
|
| 650 |
|
6 |
|a Avortement.
|
| 650 |
|
6 |
|a Femmes
|x Droits.
|
| 650 |
|
6 |
|a Politique.
|
| 650 |
|
6 |
|a Féminisme.
|
| 650 |
|
7 |
|a politics.
|2 aat
|
| 650 |
|
7 |
|a feminism.
|2 aat
|
| 650 |
|
7 |
|a PHILOSOPHY
|x Ethics & Moral Philosophy.
|2 bisacsh
|
| 650 |
|
7 |
|a Women's rights
|2 fast
|
| 650 |
|
7 |
|a Politics, Practical
|2 fast
|
| 650 |
|
7 |
|a Feminism
|2 fast
|
| 650 |
|
7 |
|a Abortion
|2 fast
|
| 650 |
|
7 |
|a Abortion
|x Law and legislation
|2 fast
|
| 650 |
|
7 |
|a Abortion
|x Moral and ethical aspects
|2 fast
|
| 651 |
|
7 |
|a United States
|2 fast
|1 https://id.oclc.org/worldcat/entity/E39PBJtxgQXMWqmjMjjwXRHgrq
|
| 650 |
|
7 |
|a Schwangerschaftsabbruch
|2 gnd
|
| 650 |
|
7 |
|a Strafrecht
|2 gnd
|
| 650 |
|
7 |
|a Soziale Verantwortung
|2 gnd
|
| 651 |
|
7 |
|a USA
|2 gnd
|
| 650 |
|
7 |
|a Avortement.
|2 rasuqam
|
| 650 |
|
7 |
|a Aspect moral.
|2 rasuqam
|
| 650 |
|
7 |
|a Législation.
|2 rasuqam
|
| 655 |
|
7 |
|a Electronic books.
|2 local
|
| 758 |
|
|
|i has work:
|a Abortion and social responsibility (Text)
|1 https://id.oclc.org/worldcat/entity/E39PCGJdHFG3P49GXqgwhBXRPP
|4 https://id.oclc.org/worldcat/ontology/hasWork
|
| 776 |
0 |
8 |
|i Print version:
|a Shrage, Laurie, 1953-
|t Abortion and social responsibility.
|d New York : Oxford University Press, 2003
|z 0195153081
|z 019515309X
|w (DLC) 2002003641
|w (OCoLC)49283681
|
| 830 |
|
0 |
|a Studies in feminist philosophy.
|
| 856 |
4 |
0 |
|u http://proxy.library.tamu.edu/login?url=https://academic.oup.com/book/1572
|z Connect to the full text of this electronic book
|t 0
|
| 955 |
|
|
|a Oxford Scholarship Online
|
| 994 |
|
|
|a 92
|b TXA
|
| 999 |
f |
f |
|i c065fed7-c447-40df-9f7e-d3fa3081e3e8
|s 8701d1db-6e3c-49ca-a50c-bf5ad1ba9f1f
|t 0
|
| 952 |
f |
f |
|a Texas A&M University
|b College Station
|c Electronic Resources
|s www_evans
|d Available Online
|t 0
|e HQ767.15 .S52 2003eb
|h Library of Congress classification
|
| 998 |
f |
f |
|a HQ767.15 .S52 2003eb
|t 0
|l Available Online
|